[Event "Ch City"]
[Site "masterchessopen.com - Dublin (Ireland)"]
[Date "2006.09.10"]
[Round "6"]
[White "Quinn Mark (IRL)"]
[Black "Madynski Pawel (POL)"]
[Result "1-0"]
[WhiteElo "2397"]
[BlackElo "2178"]

1.d4 c5 2.d5 e5 3.e4 d6 4.Nc3 Be7 5.h3 Bg5 6.Bxg5 Qxg5 7.Nf3 Qd8 8.a4 Ne7
9.Nd2 a6 10.Nc4 Qc7 11.Nxe5 dxe5 12.d6 Qa5 13.dxe7 Kxe7 14.Qd2 Nc6 15.Nd5+ Kf8
16.c3 Be6 17.Be2 Bxd5 18.exd5 Rd8 19.O-O Rd6 20.Qe3 Rxd5 21.Bf3 Rd6 22.Rfd1
Re6 23.Rd7 Qb6 24.Rad1 f6 25.b4 Re7 26.bxc5 Qa5 27.Bxc6 bxc6 28.Qd3 {#r} 1-0

[Event "Ch Uzbekistan (juniors)"]
[Site "masterchessopen.com - Tashkent (Uzbekistan)"]
[Date "2006.09.26"]
[Round "10"]
[White "Gubaydullin Talgat"]
[Black "Karimov Farukh (UZB)"]
[Result "1-0"]
[WhiteElo "2200"]
[BlackElo "2302"]

1.d4 c5 2.d5 e5 3.e4 a6 4.Nc3 d6 5.f4 exf4 6.Bxf4 Be7 7.e5 Bf5 8.Qe2 Kf8 9.Nf3
h5 10.O-O-O Nd7 11.e6 Ndf6 12.exf7 Nh6 13.Ng5 Qd7 14.Qe1 b5 15.Bd3 Bg4 16.h3
Bf5 17.Ne6+ Bxe6 18.dxe6 Qc6 19.Be4 Nxe4 20.Qxe4 Qxe4 21.Nxe4 Nf5 22.c3 Rd8
23.g4 hxg4 24.hxg4 Rxh1 25.Rxh1 Nh4 26.Ng5 {#r} 1-0

[Event "Ch Bulgaria (team)"]
[Site "masterchessopen.com - Sunny Beach (Bulgaria)"]
[Date "2006.10.09"]
[Round "5"]
[White "Vasilev Milen (BUL)"]
[Black "Ivanov Stoijan (BUL)"]
[Result "1-0"]
[WhiteElo "2422"]
[BlackElo "2142"]

1.d4 c5 2.d5 e5 3.c4 d6 4.Nc3 g6 5.g3 Bg7 6.Bg2 Ne7 7.e4 O-O 8.Nf3 f5 9.exf5
Nxf5 10.Ng5 Nd4 11.O-O h6 12.Ne6 Bxe6 13.dxe6 Nbc6 14.Qg4 Qf6 15.Be4 g5 16.Bd5
Kh8 17.Ne4 Qf3 18.Qxf3 Nxf3+ 19.Kg2 Ncd4 20.Nxd6 Nc2 21.Bxf3 Nxa1 22.e7 Rfe8
23.Nxe8 Rxe8 24.Be4 Rxe7 25.Be3 {#r} 1-0

[Event "Ch World (for the Blind)"]
[Site "masterchessopen.com - Goa (India)"]
[Date "2006.10.17"]
[Round "8"]
[White "Cabarkapa Milenko (SRB)"]
[Black "Gunajew Rafal (POL)"]
[Result "0-1"]
[WhiteElo "2197"]
[BlackElo "2251"]

1.d4 c5 2.d5 e5 3.Nc3 d6 4.e4 Be7 5.Nf3 Bg4 6.h3 Bxf3 7.Qxf3 Bg5 8.Bb5+ Kf8
9.Bxg5 Qxg5 10.a4 a6 11.Be2 Qe7 12.Nd1 g6 13.Ne3 Nf6 14.Nc4 Nbd7 15.a5 Kg7
16.O-O Rhb8 17.Ra3 Ne8 18.Qd3 Qh4 19.f4 exf4 20.Qd2 Qe7 21.Qxf4 {#R} 0-1

[Event "It (open)"]
[Site "masterchessopen.com - Fouesnant (France)"]
[Round "5"]
[White "Pouliquen Alain (FRA)"]
[Black "Huguet Francois (FRA)"]
[Result "0-1"]
[WhiteElo "1691"]
[BlackElo "2058"]

1.d4 c5 2.d5 e5 3.dxe6 fxe6 4.Nf3 Nf6 5.c4 d5 6.e3 Be7 7.Nc3 O-O 8.Be2 Nc6
9.O-O d4 10.exd4 cxd4 11.Nb5 e5 12.a3 a6 13.Qb3 Be6 14.Ng5 Bf7 15.Nxf7 Rxf7
16.Nc3 dxc3 17.Qxb7 Nd4 18.Bd3 Bc5 19.Qxf7+ Kxf7 20.Bb1 cxb2 21.Bxb2 Qb6
22.Bxd4 Bxd4 23.Ba2 Qb2 24.c5+ Ke7 25.Bc4 Qxa1 {#R} 0-1

[Event "It (open)"]
[Site "masterchessopen.com - Bad Wiessee (Germany)"]
[Date "2006.11.12"]
[Round "9"]
[White "Faibisovich Vadim Z (RUS)"]
[Black "Rahls Peter (GER)"]
[Result "1-0"]
[WhiteElo "2407"]
[BlackElo "2321"]

1.d4 c5 2.d5 e5 3.e4 d6 4.c4 Be7 5.Nf3 Bg4 6.Nc3 Nf6 7.h3 Bh5 8.Bd3 O-O 9.g4
Bg6 10.h4 Nxg4 11.h5 Bxe4 12.Nxe4 f5 13.Neg5 Na6 14.Ne6 Qd7 15.Nxf8 Rxf8
16.Ng5 e4 17.Be2 Bxg5 18.Bxg5 Ne5 19.Bf4 Qe7 20.Bxe5 Qxe5 21.Qd2 Nb4 22.a3 e3
23.fxe3 Qe4 24.O-O {#r} 1-0

[Event "Bayern Landesliga South 2006/07"]
[Site "masterchessopen.com - Bayern (Germany)"]
[Date "2006.11.19"]
[Round "3"]
[White "De Francesco Klaus (GER)"]
[Black "Mueller Michael (GER)"]
[Result "1-0"]
[WhiteElo "2280"]
[BlackElo "2251"]

1.d4 c5 2.d5 e5 3.e4 d6 4.Nc3 a6 5.a4 Be7 6.Nf3 Bg4 7.Be3 Nd7 8.Qd2 h6 9.Be2
Bxf3 10.Bxf3 Bg5 11.Bg4 Bxe3 12.Bxd7+ Qxd7 13.Qxe3 Nf6 14.O-O O-O 15.Ne2 Ng4
16.Qg3 f5 17.f4 fxe4 18.h3 Nf6 19.fxe5 dxe5 20.c4 Qd6 21.Qg6 b5 22.axb5 axb5
23.b3 Rxa1 24.Rxa1 bxc4 25.Ra7 Ne8 26.Rxg7+ {#r} 1-0

[Event "Ch Provinciale UD"]
[Site "masterchessopen.com - Udine (Italy)"]
[Date "2006.12.08"]
[Round "4"]
[White "Prenassi Davide"]
[Black "Menon Michele"]
[Result "1-0"]
[WhiteElo "1614"]
[BlackElo "1684"]

1.d4 c5 2.d5 e5 3.dxe6 dxe6 4.Qxd8+ Kxd8 5.g3 Nc6 6.c3 Bd6 7.Nf3 h6 8.Be3 Nf6
9.Na3 a6 10.Nc4 Be7 11.Nb6 Rb8 12.Bf4 g5 13.O-O-O+ Nd7 14.Bxb8 Nxb8 15.Ne5 Rf8
16.Bg2 Kc7 17.Nxc8 Kxc8 18.Nxd7 Nxd7 19.Bxb7+ Kc7 20.Bxa6 Ne5 21.Bb5 Bf6 22.f3
Rb8 23.a4 Bh8 24.h4 f5 25.hxg5 {#r} 1-0

[Event "Ch City"]
[Site "masterchessopen.com - Ukhta (Russia)"]
[Date "2006.12.10"]
[Round "11"]
[White "Rudenko Vasily (RUS)"]
[Black "Brotkin Ivan (RUS)"]
[Result "0-1"]
[WhiteElo "1892"]
[BlackElo "2104"]

1.d4 c5 2.d5 e5 3.dxe6 fxe6 4.e4 Nc6 5.Nc3 Nf6 6.Bf4 d6 7.Bc4 Be7 8.Nf3 Nh5
9.Be3 O-O 10.Nd2 Nf4 11.Bxf4 Rxf4 12.g3 Rf8 13.Qg4 Nd4 14.O-O Kh8 15.Bd3 e5
16.Qd1 Bh3 17.Re1 Bg5 18.Ncb1 Qf6 19.f4 exf4 20.e5 Qh6 21.c3 f3 22.Ne4 f2+
23.Nxf2 Be3 24.cxd4 Rxf2 {#R} 0-1

[Event "Ch Europe (active)"]
[Site "masterchessopen.com - Warsaw (Poland)"]
[Date "2006.12.16"]
[Round "1"]
[White "Aleksandrov Aleksej (BLR)"]
[Black "Skrzypczak Anna (POL)"]
[Result "1-0"]
[WhiteElo "2619"]
[BlackElo "1989"]

1.d4 c5 2.d5 e5 3.c4 d6 4.Nc3 Be7 5.g3 a6 6.Bg2 Bg5 7.e3 Nh6 8.Nf3 Bg4 9.Qa4+
Bd7 10.Qb3 Ra7 11.Nxg5 Qxg5 12.Qb6 Ra8 13.Qxb7 O-O 14.Qxa8 Nc6 15.Qb7 Nb4
16.Qxd7 Nc2+ 17.Ke2 Nxa1 18.e4 Qg6 {#r} 1-0

[Event "It (open)"]
[Site "masterchessopen.com - Schwalbach Elm (Germany)"]
[Date "2006.12.29"]
[Round "6"]
[White "Recht Romain"]
[Black "Klein Joerg (GER)"]
[Result "0-1"]
[WhiteElo "1964"]
[BlackElo "2139"]

1.d4 c5 2.d5 e5 3.dxe6 fxe6 4.e4 d5 5.Nf3 Nc6 6.Be2 Nf6 7.e5 Nd7 8.Bf4 Be7
9.O-O O-O 10.Bg3 Nb6 11.Na3 a6 12.Qd2 Bd7 13.Rad1 Be8 14.h3 Bg6 15.Bd3 Bh5
16.Be2 Bxf3 17.gxf3 Nd4 18.f4 Qe8 19.Kh1 Qg6 20.Rc1 Nc4 21.Bxc4 dxc4 22.Qd1 h5
23.Qxd4 {#R} 0-1

[Event "Ch Western Class"]
[Site "masterchessopen.com - Agoura Hills (USA)"]
[Date "2007.01.13"]
[Round "2"]
[White "Yermolinsky Alex (USA)"]
[Black "Kurosaki Takashi (USA)"]
[Result "1-0"]
[WhiteElo "2512"]
[BlackElo "2111"]

1.d4 c5 2.d5 e5 3.e4 d6 4.Nc3 Be7 5.Nf3 Nf6 6.Be2 O-O 7.O-O Nbd7 8.a4 Ne8 9.a5
a6 10.Nd2 Bg5 11.Nc4 Bxc1 12.Qxc1 Rb8 13.Qd2 Qe7 14.Bd3 Ndf6 15.Rab1 Nh5 16.b4
cxb4 17.Rxb4 Nf4 18.Ne2 g5 19.Rfb1 f5 20.Rb6 fxe4 21.Bxe4 Qc7 22.Nxf4 gxf4
23.Qb4 Nf6 24.Nxd6 Nxe4 25.Qxe4 f3 26.Qxe5 Bd7 27.Qg3+ Kh8 28.Nf7+ {#r} 1-0

[Event "Memorial Dautov (Cup Ufa-2)"]
[Site "masterchessopen.com - Ufa (Russia)"]
[Date "2007.02.04"]
[Round "2"]
[White "Malin Denis (RUS)"]
[Black "Zatokovenko I (RUS)"]
[Result "1-0"]
[WhiteElo "2085"]
[BlackElo "2254"]

1.d4 c5 2.d5 e5 3.e4 d6 4.g3 Be7 5.Nf3 Bg4 6.Bg2 Nd7 7.O-O Ngf6 8.Re1 O-O 9.a4
Ne8 10.Ra3 b6 11.h3 Bxf3 12.Rxf3 Bg5 13.Nd2 a6 14.h4 Bh6 15.Nf1 Bxc1 16.Qxc1
b5 17.axb5 axb5 18.Ne3 Ra2 19.Bh3 c4 20.Bxd7 Qxd7 21.Kg2 Qd8 22.Nf5 Qa5 23.Rh1
Qb4 24.c3 Qxb2 25.Qg5 Ra1 26.Nh6+ Kh8 27.Nxf7+ {#r} 1-0

[Event "Tournament (Elo) (a)"]
[Site "masterchessopen.com - Budapest (Hungary)"]
[Date "2007.03.06"]
[Round "4"]
[White "Mizsei Janos (HUN)"]
[Black "Torok Tamas (HUN)"]
[Result "1-0"]
[WhiteElo "2096"]
[BlackElo "2090"]

1.d4 c5 2.d5 e5 3.e4 d6 4.Nc3 a6 5.a4 f5 6.exf5 Bxf5 7.Bd3 Bxd3 8.Qxd3 Be7
9.Nf3 Nd7 10.O-O Qc7 11.Nd2 O-O-O 12.Nc4 Ngf6 13.a5 Rdg8 14.f4 exf4 15.Bxf4 g5
16.Bg3 Rg7 17.Rae1 Ne8 18.Ne4 Rg6 19.Rf7 Ne5 20.Bxe5 dxe5 21.d6 Nxd6 22.Nexd6+
Rxd6 23.Rxe7 {#r} 1-0

[Event "Tournament (team) (b)"]
[Site "masterchessopen.com - Jarnoltowek (Poland)"]
[Date "2007.03.22"]
[Round "7"]
[White "Hodowany Wojciech (POL)"]
[Black "Wolak Tomasz (POL)"]
[Result "1-0"]
[WhiteElo "1912"]
[BlackElo "2012"]

1.d4 c5 2.d5 e5 3.c4 d6 4.Nc3 Be7 5.Nf3 Na6 6.e4 Nf6 7.Nd2 O-O 8.Be2 Bd7 9.O-O
Ne8 10.f4 exf4 11.Rxf4 Bf6 12.Nb3 Be5 13.Rf2 Nf6 14.Bf4 Bxc3 15.bxc3 Nxe4
16.Rf3 g5 17.Bg3 f5 18.Nd2 Nxg3 19.Rxg3 f4 20.Rd3 Bf5 21.Rf3 Qe7 22.Nf1 Rae8
23.Rf2 Nb8 24.Bh5 Rd8 25.Re2 Qg7 26.Qe1 Qxc3 {#r} 1-0

[Event "Ch Europe"]
[Site "masterchessopen.com - Dresden (Germany)"]
[Date "2007.04.03"]
[Round "1"]
[White "Prusikin Michael (GER)"]
[Black "Rahls Peter (GER)"]
[Result "1-0"]
[WhiteElo "2564"]
[BlackElo "2260"]

1.d4 c5 2.d5 e5 3.e4 d6 4.Nc3 Be7 5.Be2 Nf6 6.Nf3 O-O 7.Nd2 Ne8 8.Nc4 Bg5
9.O-O Bxc1 10.Qxc1 Nd7 11.f4 exf4 12.Qxf4 Nb6 13.Ne3 Bd7 14.a4 Nc8 15.Nc4 Qe7
16.Rae1 Nb6 17.e5 Nxc4 18.Bxc4 dxe5 19.Rxe5 Qf6 20.Ne4 Qxf4 21.Rxf4 Bxa4 22.b3
Bd7 23.Re7 b5 24.Nxc5 bxc4 25.Nxd7 Nd6 26.Nxf8 Kxf8 27.Rd7 {#r} 1-0

[Event "Czech League 2006/07 (2nd) (c)"]
[Site "masterchessopen.com - Czech Republic"]
[Date "2007.04.15"]
[Round "11"]
[White "Hala Bohumil (CZE)"]
[Black "Moravec Michal (CZE)"]
[Result "0-1"]
[WhiteElo "2275"]
[BlackElo "2271"]

1.d4 c5 2.d5 e5 3.e4 d6 4.Nc3 Be7 5.Bb5+ Bd7 6.Bxd7+ Nxd7 7.Nh3 Ngf6 8.O-O b5
9.Qe2 b4 10.Nd1 O-O 11.g3 Re8 12.b3 a5 13.Nb2 Nb6 14.a3 bxa3 15.Rxa3 a4 16.Re1
Qd7 17.Kg2 axb3 18.Rxb3 Qa7 19.f4 exf4 20.gxf4 Bf8 21.Re3 Qa2 22.Nf2 g6
23.Nfd1 Bg7 24.Qb5 Rab8 25.Qb3 Qa1 26.Qd3 Qxc1 27.c4 Nxe4 {#R} 0-1

[Event "Ch Italy (team)"]
[Site "masterchessopen.com - Palermo (Italy)"]
[Date "2007.04.20"]
[Round "1"]
[White "Ortega Lexy (ITA)"]
[Black "Cocchi Andrea (ITA)"]
[Result "1-0"]
[WhiteElo "2444"]
[BlackElo "2311"]

1.d4 c5 2.d5 e5 3.dxe6 dxe6 4.Qxd8+ Kxd8 5.Nc3 Nc6 6.Bf4 e5 7.O-O-O+ Bd7 8.Bg3
f6 9.e3 Nge7 10.Bc4 Kc8 11.Nge2 Nf5 12.Rd2 Na5 13.Bd5 Be7 14.Rhd1 Nxg3 15.Nxg3
Rd8 16.Be4 Bc6 17.Rxd8+ Bxd8 18.Bxh7 Be7 19.Be4 Be8 20.Nd5 Bd8 21.Nf5 g5
22.Nd6+ Kd7 23.Nxf6+ Bxf6 24.Nxb7+ Kc7 25.Nxa5 Rb8 26.Nc4 Bb5 27.Rd5 {#r} 1-0

[Event "It (open) \"]
[Site "masterchessopen.com - Wroclaw (Poland)"]
[Date "2007.04.30"]
[Round "4"]
[White "Wesolowska Magdalena (POL)"]
[Black "Grossmann Ryszard (POL)"]
[Result "1-0"]
[WhiteElo "1994"]
[BlackElo "2200"]

1.d4 c5 2.d5 e5 3.e4 d6 4.Bb5+ Bd7 5.Bxd7+ Nxd7 6.Ne2 Be7 7.O-O Ngf6 8.f3 O-O
9.Be3 Ne8 10.Ng3 Bg5 11.Bxg5 Qxg5 12.Qd2 Qf6 13.a4 g6 14.Na3 Qe7 15.Nc4 Kg7
16.Ne3 Kh8 17.Rab1 Ng7 18.Qd3 h5 19.b4 cxb4 20.Rxb4 Nc5 21.Qd2 Kh7 22.Rfb1
Rac8 23.Nc4 Rc7 24.Na3 b6 25.Nc4 Na6 26.a5 Nxb4 27.Qxb4 Rc5 {#r} 1-0

[Event "Tournament (a)"]
[Site "masterchessopen.com - Natal (Brazil)"]
[Date "2007.05.02"]
[Round "11"]
[White "Oliveira Jr Antonio Fernandes (BRA)"]
[Black "Brito Luizmar J (BRA)"]
[Result "0-1"]
[WhiteElo "1915"]
[BlackElo "2339"]

1.d4 c5 2.d5 e5 3.c4 d6 4.Nc3 Be7 5.e4 Bg5 6.Bd3 Bxc1 7.Qxc1 Nd7 8.Nge2 Nf8
9.O-O Ng6 10.f4 exf4 11.Nxf4 Ne5 12.Qc2 Nf6 13.Nce2 O-O 14.Ng3 Nfg4 15.Rae1
Qh4 16.Nh3 Nxh2 17.Kxh2 Ng4+ 18.Kg1 Qxg3 {#R} 0-1

[Event "Ch Germany (juniors) (under 10)"]
[Site "masterchessopen.com - Willingen (Germany)"]
[Date "2007.05.28"]
[Round "3"]
[White "Borrink Guido"]
[Black "Sawlin Leonid (GER)"]
[Result "0-1"]
[WhiteElo "1009"]
[BlackElo "1874"]

1.d4 c5 2.d5 e5 3.c4 d6 4.Nc3 g6 5.Nf3 Bg7 6.e4 Ne7 7.Bd3 O-O 8.Be3 f5 9.g3
fxe4 10.Bxe4 Bf5 11.h4 Bg4 12.Bg5 Qe8 13.Nb1 Bxf3 14.Bxf3 Qf7 15.Nd2 Nf5
16.Bg4 Nd4 17.Rh2 Na6 18.a3 h5 19.Bh6 Nc7 20.Be3 b5 21.Bxd4 exd4 22.cxb5 Rae8+
23.Kf1 Nxd5 24.Nc4 Ne3+ 25.Nxe3 dxe3 26.Qe2 Qd5 27.Re1 Rxf2+ 28.Rxf2 Qh1# 0-1

[Event "It (open)"]
[Site "masterchessopen.com - Novi Becej (Yugoslavia)"]
[Date "2007.06.17"]
[Round "9"]
[White "Brkic Djordje (SRB)"]
[Black "Milosevic Rade (SRB)"]
[Result "0-1"]
[WhiteElo "2265"]
[BlackElo "2182"]

1.d4 c5 2.d5 e5 3.Nc3 d6 4.e4 Be7 5.f4 exf4 6.Bxf4 Nf6 7.Bb5+ Nfd7 8.e5 dxe5
9.d6 Bf6 10.Nd5 O-O 11.Be3 Qa5+ 12.Nc3 a6 13.Bc4 Nc6 14.Ne2 Nd4 15.O-O b5
16.Bd5 Rb8 17.Bxf7+ Rxf7 18.Nd5 Bb7 19.Ne7+ Kf8 20.Ng3 b4 21.Qh5 g6 22.Qh6+
Ke8 23.Nxg6 hxg6 24.Qxg6 {#R} 0-1

[Event "Ch India (b)"]
[Site "masterchessopen.com - Dindigul (India)"]
[Date "2007.06.19"]
[Round "12"]
[White "Swapnil S Dhopade (IND)"]
[Black "Nitin S (IND)"]
[Result "1-0"]
[WhiteElo "2261"]
[BlackElo "2321"]

1.d4 c5 2.d5 e5 3.e4 d6 4.Nc3 g6 5.f4 Bg7 6.fxe5 Bxe5 7.Nf3 Bg4 8.Bb5+ Kf8
9.O-O Bxf3 10.Qxf3 f6 11.Ne2 a6 12.Bd3 Nd7 13.Nf4 Bxf4 14.Bxf4 Ne5 15.Bxe5
dxe5 16.d6 Qxd6 17.Rad1 c4 18.Be2 Qe7 19.Qh3 Qc5+ 20.Kh1 Qc6 21.Qa3+ Kg7
22.Rd6 Qxe4 23.Rd7+ Kh6 24.Qh3+ Kg5 25.Qg3+ Kh6 26.Bg4 {#r} 1-0

[Event "Ch Belgium (open)"]
[Site "masterchessopen.com - Namur (Belgium)"]
[Date "2007.07.05"]
[Round "6"]
[White "Todts Benny (BEL)"]
[Black "Ponnet Hendrik (BEL)"]
[Result "0-1"]
[WhiteElo "1969"]
[BlackElo "2035"]

1.d4 c5 2.d5 e5 3.c4 d6 4.e4 f5 5.Nc3 Nf6 6.Bd3 Nxe4 7.Nxe4 fxe4 8.Bxe4 Qh4
9.Qc2 Nd7 10.Nf3 Qh5 11.h3 Nf6 12.Ng5 Nxe4 13.Qxe4 Be7 14.g4 Qh4 15.Nf3 Qf6
16.Bg5 Qf7 17.Ke2 Bxg5 18.Nxg5 Qf6 19.Qe3 O-O 20.Ne4 Qg6 21.Rag1 b5 22.h4
Bxg4+ {#R} 0-1

[Event "Ch Slovenia (qual)"]
[Site "masterchessopen.com - Ljubljana (Slovenia)"]
[Date "2007.07.08"]
[Round "5"]
[White "Filip Matej (SLO)"]
[Black "Bajt Indira (SLO)"]
[Result "0-1"]
[WhiteElo "2061"]
[BlackElo "2225"]

1.d4 c5 2.d5 e5 3.e4 d6 4.Bd3 g6 5.c4 Bg7 6.Nc3 Ne7 7.f4 f5 8.fxe5 Bxe5 9.Nf3
Bg7 10.O-O O-O 11.Ng5 Na6 12.Bf4 Nc7 13.Qe1 h6 14.Ne6 Bxe6 15.dxe6 g5 16.Bd2
f4 17.Nd5 Nxe6 18.e5 dxe5 19.Qe4 Rf7 20.b4 Qd6 21.bxc5 Nxc5 22.Qh7+ Kf8 23.Bb4
e4 24.Nxe7 Bd4+ {#R} 0-1

[Event "It"]
[Site "masterchessopen.com - Dmitrov (Russia)"]
[Date "2007.07.23"]
[Round "2"]
[White "Shalimov Valery (UKR)"]
[Black "Skurygin Anton (KAZ)"]
[Result "1-0"]
[WhiteElo "2439"]
[BlackElo "2319"]

1.d4 c5 2.d5 e5 3.e4 d6 4.Nc3 a6 5.a4 Be7 6.a5 Bg5 7.Nf3 h6 8.Be2 Bxc1 9.Qxc1
Ne7 10.Nd2 Nd7 11.Nc4 Nf6 12.f4 Ng6 13.fxe5 Nxe5 14.Nxe5 dxe5 15.Qe3 Qd6
16.Na4 Nd7 17.O-O {#r} 1-0

[Event "It (open)"]
[Site "masterchessopen.com - Novosibirsk (Russia)"]
[Date "2007.07.26"]
[Round "6"]
[White "Akselrod Vladislav (RUS)"]
[Black "Grachev Jury (RUS)"]
[Result "0-1"]
[WhiteElo "2441"]
[BlackElo "2412"]

1.d4 c5 2.d5 e5 3.e4 d6 4.Be2 Be7 5.Nf3 f5 6.Bb5+ Bd7 7.Bxd7+ Qxd7 8.Nc3 Na6
9.a4 Nf6 10.Ng5 Nc7 11.exf5 Qxf5 12.O-O h6 13.Nb5 Nfxd5 14.c4 a6 15.Nxc7+ Nxc7
16.Qf3 Qxf3 17.Nxf3 b5 18.axb5 axb5 19.Rxa8+ Nxa8 20.cxb5 Nc7 21.b6 Nd5 22.Be3
Kd7 23.Bxc5 e4 24.Rd1 exf3 25.Rxd5 Kc6 26.Bxd6 Bxd6 27.Rf5 Rf8 {#R} 0-1

[Event "Tournament (open)"]
[Site "masterchessopen.com - Dmitrov (Russia)"]
[Date "2007.07.27"]
[Round "8"]
[White "Kiseleva Maria (RUS)"]
[Black "Nersesian Vagram (RUS)"]
[Result "0-1"]
[WhiteElo "1860"]
[BlackElo "2017"]

1.d4 c5 2.d5 e5 3.e4 d6 4.Nc3 a6 5.a4 b6 6.h3 f5 7.Nf3 Nf6 8.Bg5 Be7 9.Bxf6
Bxf6 10.Be2 O-O 11.Nd2 Bg5 12.exf5 Bxd2+ 13.Qxd2 Bxf5 14.O-O-O Bd7 15.Bg4 b5
16.Be6+ Kh8 17.Bxd7 Nxd7 18.Ne4 Nb6 19.axb5 axb5 20.b3 Qb8 21.Qc3 Rf7 22.Qd3
c4 23.Qe3 b4 24.Ng5 c3 25.Nxf7+ Kg8 26.Nh6+ gxh6 27.Qg3+ Kh8 28.Kb1 Qa7 {#R}
0-1

[Event "Ch France (open) (a)"]
[Site "masterchessopen.com - Aix les Bains (France)"]
[Round "2"]
[White "Candy Romain (FRA)"]
[Black "Debeaune Robin (FRA)"]
[Result "0-1"]
[WhiteElo "2065"]
[BlackElo "2208"]

1.d4 c5 2.d5 e5 3.e4 d6 4.f4 exf4 5.Nf3 g5 6.h4 g4 7.Ng1 Bg7 8.Nc3 Be5 9.Bb5+
Kf8 10.Qe2 Qf6 11.Bd2 h5 12.Qf2 Ne7 13.Nge2 Ng6 14.O-O g3 15.Nxg3 Bd4 16.Be3
Bxe3 17.Qxe3 Qxh4 18.Qf2 Qxg3 {#R} 0-1

[Event "Ch Arab Boys (under 18)"]
[Site "masterchessopen.com - Abudhabi (United Arab Emirates)"]
[Date "2007.08.09"]
[Round "9"]
[White "Al-Kaabi Abdulla (UAE)"]
[Black "Mohamed Mehdi Aithmido (MAR)"]
[Result "0-1"]
[WhiteElo "1725"]
[BlackElo "2141"]

1.d4 c5 2.d5 e5 3.c4 d6 4.Nc3 Be7 5.e4 Bg5 6.Nf3 Bxc1 7.Rxc1 Ne7 8.Bd3 O-O
9.O-O Nd7 10.Nd2 a6 11.a3 Ng6 12.b4 b6 13.b5 Nf4 14.Nf3 Nf6 15.Re1 N6h5 16.Bf1
Qf6 17.bxa6 Bg4 18.g3 Rxa6 19.gxf4 Nxf4 20.Re3 Qg6 21.Kh1 Qh5 22.Nb5 f5
23.Nxd6 b5 24.Nxf5 Rxf5 25.exf5 Rh6 26.h4 e4 27.d6 Bxf3+ 28.Rxf3 exf3 {#R} 0-1

[Event "It (open)"]
[Site "masterchessopen.com - Figueres (Spain)"]
[Date "2007.08.09"]
[Round "2"]
[White "Banos Oscar (ARG)"]
[Black "Bergez Luc (FRA)"]
[Result "0-1"]
[WhiteElo "2260"]
[BlackElo "2371"]

1.d4 c5 2.d5 e5 3.c4 d6 4.e4 g6 5.h4 f5 6.h5 Qf6 7.hxg6 hxg6 8.Rxh8 Qxh8 9.Nc3
Nf6 10.Qe2 Nxe4 11.Nxe4 fxe4 12.Qxe4 Bf5 13.Qe3 Nd7 14.f3 Nb6 15.g4 Bd7 16.Qg5
Kf7 17.Bd3 Qh7 18.Be3 Be7 19.Qh6 Qxh6 20.Bxh6 g5 21.f4 gxf4 22.Nf3 Rg8 23.Kf2
Bxg4 24.Rf1 Bxf3 25.Kxf3 {#R} 0-1

[Event "Ch Spain (team) (1 Div) (North)"]
[Site "masterchessopen.com - Sabadell (Spain)"]
[Date "2007.08.16"]
[Round "2"]
[White "Mellado Trivino Juan (AND)"]
[Black "Alvarez Fernandez Enrique (ESP)"]
[Result "1-0"]
[WhiteElo "2410"]
[BlackElo "2308"]

1.d4 c5 2.d5 e5 3.e4 d6 4.Nc3 Be7 5.f4 exf4 6.Bxf4 Nf6 7.Nf3 O-O 8.Bd3 Bg4
9.h3 Bh5 10.g4 Bg6 11.Qe2 a6 12.O-O-O b5 13.e5 dxe5 14.Nxe5 Bxd3 15.Qxd3 Bd6
16.Qg3 Qc7 17.Nd3 Bxf4+ 18.Nxf4 b4 19.g5 Nfd7 20.Ne4 Qa5 21.Kb1 c4 22.Nh5 c3
23.Nhf6+ Kh8 24.Nxh7 Kxh7 25.Nf6+ gxf6 26.gxf6 Nxf6 27.Qh4+ {#r} 1-0

[Event "It (open)"]
[Site "masterchessopen.com - Kolobrzeg (Poland)"]
[Date "2007.08.19"]
[Round "3"]
[White "Marszalek Maciej (POL)"]
[Black "Starczewski Sebastian (POL)"]
[Result "1-0"]
[WhiteElo "2395"]
[BlackElo "1917"]

1.d4 c5 2.d5 e5 3.e4 Nf6 4.Nc3 g6 5.Be2 d6 6.Nf3 a6 7.a4 Bg7 8.Nd2 O-O 9.Nc4
Ne8 10.h4 f5 11.h5 fxe4 12.hxg6 hxg6 13.Nxe4 Qc7 14.Bg4 Nd7 15.Be6+ Rf7 16.Ng5
{#r} 1-0

[Event "It (open)"]
[Site "masterchessopen.com - Nikea (Greece)"]
[Date "2007.08.24"]
[Round "2"]
[White "Soultatis Kostas (GRE)"]
[Black "Iatros Aristidis (GRE)"]
[Result "1-0"]
[WhiteElo "2153"]
[BlackElo "1906"]

1.d4 c5 2.d5 e5 3.e4 d6 4.Nc3 g6 5.Be2 Bg7 6.Nf3 Nh6 7.O-O O-O 8.a4 b6 9.Nd2
f6 10.Nc4 Nf7 11.Ra3 a6 12.Rb3 Nd7 13.Bg4 Rb8 14.Be6 Qc7 15.Qg4 Kh8 16.Bxf7 f5
17.exf5 gxf5 18.Qxf5 Nf6 19.Be6 Nxd5 20.Nxd5 Rxf5 21.Nxc7 {#r} 1-0

[Event "It (open)"]
[Site "masterchessopen.com - Mislata (Spain)"]
[Date "2007.08.25"]
[Round "4"]
[White "Monell Camarasa David (AND)"]
[Black "Cortes Ruiz Javier (ESP)"]
[Result "1-0"]
[WhiteElo "2217"]
[BlackElo "1982"]

1.d4 c5 2.d5 e5 3.e4 d6 4.Bd3 Be7 5.Ne2 Bg4 6.f3 Bh4+ 7.Ng3 Bd7 8.a4 Ne7 9.Nd2
f5 10.exf5 Nxd5 11.Ne4 Bc6 12.Bb5 Ke7 13.O-O Nf6 14.Ng5 Bxg5 15.Bxg5 d5 16.Re1
Nd7 17.f4 e4 18.c4 Kf7 19.cxd5 Bxd5 20.Nxe4 Bxe4 21.Rxe4 Qc7 22.Qb3+ Kf8
23.Qe3 {#r} 1-0

[Event "Ch Vietnam (team)"]
[Site "masterchessopen.com - Dalat City (Vietnam)"]
[Date "2007.08.28"]
[Round "9"]
[White "Nguyen Huynh Minh H (VIE)"]
[Black "To Quoc Khanh (VIE)"]
[Result "1-0"]
[WhiteElo "2398"]
[BlackElo "2271"]

1.d4 c5 2.d5 e5 3.Nc3 d6 4.e4 Be7 5.g3 Nf6 6.Bg2 O-O 7.Nge2 Bd7 8.a4 Na6 9.O-O
Nb4 10.Nb5 a6 11.Na3 Bxa4 12.b3 Bb5 13.c3 Nd3 14.Be3 c4 15.bxc4 Nb2 16.Qb3
Nxc4 17.Nxc4 Rc8 18.Na5 Bxe2 19.Rfe1 Bb5 20.c4 Bd7 21.Qxb7 Rb8 22.Qxa6 Ng4
23.Ba7 Rc8 24.Nb7 Qc7 25.c5 Bg5 26.Nxd6 Ra8 27.Qb6 {#r} 1-0

[Event "It (open)"]
[Site "masterchessopen.com - Nikea (Greece)"]
[Date "2007.08.28"]
[Round "7"]
[White "Iatros Aristidis (GRE)"]
[Black "Karayannis Athanasios (GRE)"]
[Result "0-1"]
[WhiteElo "1906"]
[BlackElo "2335"]

1.d4 c5 2.d5 e5 3.e4 d6 4.Nc3 Nf6 5.Bb5+ Nbd7 6.f4 exf4 7.Bxf4 a6 8.Bd3 b5
9.b3 Be7 10.Nf3 Qa5 11.Bd2 Qb6 12.Be3 Ng4 13.Bg1 Bf6 14.e5 Ndxe5 15.Qe2 Qa5
16.Kd2 O-O 17.Nxe5 Bxe5 {#R} 0-1